Célébrités commençant par la lettre E - Statistiques

Statistiques générales
  • Ce quiz a été pris 576 fois
  • Le résultat moyen est 9 sur 12
Statistiques - réponses
Par images Réponse % Correct
Ed Sheeran
95%
Emma Watson
95%
Eminem
94%
Elon Musk
91%
Eric Judor
91%
Elie Semoun
82%
Elton John
77%
Eva Longoria
58%
Eric Cantona
52%
Eden Hazard
51%
Eve Gilles
51%
Eva Mendes
28%
Aucun quiz correspondant
Distribution des résultats
% des personnes avec chaque résultat
Percentile par nombre de réponses
Votre historique - résultats
Vous n’avez pas pris ce quiz